LEADER 00864nam a2200229 i 4500 001 000000080585 003 CaOOAMICUS 005 20170704000000.0 008 170704s2012 it u000 u ita u 013 $a52823 040 $aSeMil$bita 245 10$aDaniele Gatti /$ca cura di Carla Moreni. 260 $a[S.l.] :$bMITO SettembreMusica,$c2012. 300 $a[52] p. :$bill. ;$c19 cm. 490 0 $aMITO incontra i grandi maestri 700 1 $aMoreni, Carla.$0(OLS)http://semarc/name/66908 830 0$aMITO incontra i grandi maestri.$0(OLS)http://semarc/title/400926 850 $aSeMil 852 $aSeMil$W1$xVenegono$y1$m3Q I 133$j46030$B46030$CSeMilBibl$Z2$F48182 $81 961 $aOmaggio: Giacomoni Silvia 996 $6245$aDaniele Gatti$9(OLS)http://semarc/title/404009 996 $6260$a[S.l.] :$bMITO SettembreMusica$9(OLS)http://semarc/publisher/55790 LEADER 01058nam a2200265 i 4500 001 000000128739 003 CaOOAMICUS 005 20070710000000.0 008 070704s1981 it u000 u ita u 013 $a101467 040 $aSeMil$bita 100 1 $aVerdiglione, Armando <1944- >.$0(OLS)http://semarc/name/6427 245 12$aL'istituzione psicanalitica /$c[Scritti di] Verdiglione ... [et al.]. 260 $aMilano :$bSpirali,$c1981. 300 $a297 p. ;$c21 cm. 490 0 $aCausa di verità ;$v1 500 $aContiene : Notizia biobibliografica [degli Autori]. - Fondo card. C.M. Martini. 650 4$aPsicanalisi.$0(OLS)http://semarc/subject/1341 830 0$aCausa di verità ;$v1.$0(OLS)http://semarc/title/23879 850 $aSeMil 852 $aSeMil$W1$xVenegono$y1$m2O II 419$j82951$B82951$CSeMilBibl$Z2$F125030 $81 941 1 $a4 961 $aOmaggio: Martini Card. Carlo Maria 996 $6245$aL'istituzione psicanalitica$9(OLS)http://semarc/title/190289 996 $6260$aMilano :$bSpirali$9(OLS)http://semarc/publisher/32251